Henderson the Rain King
Shranjeno v:
| Glavni avtor: | |
|---|---|
| Format: | Knjiga |
| Jezik: | Undetermined |
| Izdano: |
Greenwich, Estados Unidos
A Fawcett Crest Book
1958
|
| Teme: | |
| Oznake: |
Označite
Brez oznak, prvi označite!
|
MARC
| LEADER | 00000nam a2200000Ia 4500 | ||
|---|---|---|---|
| 008 | 170316s9999 xx 000 0 und d | ||
| 999 | |c 5471 |d 5471 | ||
| 040 | |a cru BVZT | ||
| 090 | |a 810 B-8h | ||
| 100 | |a Bellow, Saul | ||
| 245 | |a Henderson the Rain King |c / Saul Bellow | ||
| 260 | |a Greenwich, Estados Unidos |b A Fawcett Crest Book |c 1958 | ||
| 300 | |a 287 páginas | ||
| 650 | |a LITERATURA ESTADOUNIDENSE |9 25 | ||
| 650 | |a EN IDIOMA INGLÉS |9 129 | ||
| 650 | |a NOVELA |9 13 | ||
| 942 | |c 15 D |h 810 B-8h |2 z | ||
